Christianity and Liberalism (Record no. 4592)

MARC details
000 -LEADER
fixed length control field 00588nam a2200241 a 4500
020 ## - INTERNATIONAL STANDARD BOOK NUMBER
ISBN
082 00 - DEWEY DECIMAL CLASSIFICATION NUMBER
Classification number 230.046
Author Cutter MAC
100 ## - MAIN ENTRY--AUTHOR NAME
Author name Machen, Gresham
245 ## - TITLE STATEMENT
Title Christianity and Liberalism
260 ## - PUBLICATION, DISTRIBUTION, ETC. (IMPRINT)
Place of publication Michigan
Name of publisher Wm.B. Eerdmans Pub Co,
Year of publication 1923
300 ## - PHYSICAL DESCRIPTION
Number of Pages 188p
500 ## - GENERAL NOTE
General note includes index and biblioraphy
505 2# - FORMATTED CONTENTS NOTE
Formatted contents note Index
650 ## - SUBJECT ADDED ENTRY--TOPICAL TERM
Topical Term Liberation-Theology
942 ## - ADDED ENTRY ELEMENTS (KOHA)
Koha item type Books
700 1# -
-- Machen, Gresham
Holdings
Home library Current library Date acquired Cost, normal purchase price Full call number Accession Number Koha item type
Henry Martyn Institute Library Henry Martyn Institute Library 06/13/2007 134.55 230.046 MAC 9581 Archive Book
                   Copyright © 2026 | Henry Martyn Institute | Hyderabad | TS-500052 | INDIA | Implemented by hmi.edu.in
Hit-Count:

Powered by Koha